000 00475nam a2200181 i 4500
001 bg
245 0 _aGrawitacija :
_bProblemy perspektiwy.
260 _aKiew :
_bIzdat. "Naukova Dumka",
_c1972.
300 _as. 358, nlb. 2.
500 _a[Tyt. również częściowo tekst w jęz. ang.].
500 _a[Alf. ros.].
504 _a[Zawiera bibliogr.].
040 _cBPK
041 _apol
080 _a531.5
942 _cKS
008 s pl f |000 0 pol
999 _c15091
_d15091
856 _uhttp://koha.tu.koszalin.pl/cgi-bin/koha/opac-detail.pl?biblionumber=15091
_yKatalog online BPK